00455nam a2200085Ia 4500008004100000245001800041300024700059650001300306856005000319170517s9999 xx 000 0 und d aScience Fraud aMost of what occurs in the practice of science goes on behind closed doors, beyond the prying eye of the public. Nevertheless science and the scientists who conduct its research seem to enjoy an almost religious-like reverence, having been... xScience. uhttp://topdocumentaryfilms.com/science-fraud/